000
00306nam a22001457a 4500
008
231016b ||||| |||| 00| 0 eng d
020
_a
9780226170312
041
_a
eng
080
_a
316
082
_a
316DUN
100
_a
24
101
_a
SOCIO
245
_a
SLIM'S TABLE
_c
DUNEIER M
942
_2
udc
_c
BK
999
_c
60455
_d
60455